[Event "HUN-chT2 9900"]
[Site "Hungary"]
[Date "2000.01.23"]
[Round "6"]
[White "Lehoczki, Viktor"]
[Black "Kormos, Lajos"]
[Result "1/2-1/2"]
[WhiteElo "2192"]
[BlackElo "2127"]
[PlyCount "82"]
[EventDate "1999.09.26"]
[EventType "team"]
[EventRounds "11"]
[EventCountry "HUN"]
[SourceTitle "EXT 2002"]
[Source "ChessBase"]
[SourceDate "2001.11.25"]
[SourceVersion "1"]
[SourceVersionDate "2001.11.25"]
[SourceQuality "1"]

1. d4 Nf6 2. c4 e6 3. Nf3 d5 4. Nc3 c6 5. e3 Nbd7 6. Qc2 Be7 7. Bd3 0-0 8. 0-0 dxc4 9. Bxc4 b5 10. Bd3 a6 11. e4 h6 12. e5 Nd5 13. Nxd5 cxd5 14. Be3 Bb7 15. Qd2 f5 16. exf6 Bxf6 17. Bf4 Qe7 18. Rfe1 Rfc8 19. Re2 Rc6 20. Rae1 Nf8 21. Ne5 Bxe5 22. Bxe5 Bc8 23. Re3 Nd7 24. Bb1 Nxe5 25. Rxe5 Bb7 26. h3 Rf8 27. Bf5 Rf6 28. Qe2 Kf7 29. Bd3 Ke8 30. Rxd5 Rd6 31. Rxd6 Qxd6 32. Qe5 Qxe5 33. dxe5 Rf4 34. Kf1 Rd4 35. Bg6+ Kd7 36. f3 Bd5 37. b3 Rd2 38. Re2 Rd1+ 39. Kf2 Rc1 40. Bc2 Ra1 41. Rd2 Rxa2 1/2-1/2

[Event "HUN-chT2 9900"]
[Site "Hungary"]
[Date "1999.11.14"]
[Round "4"]
[White "Juhasz, Bela"]
[Black "Lehoczki, Viktor"]
[Result "1/2-1/2"]
[WhiteElo "2287"]
[BlackElo "2192"]
[PlyCount "50"]
[EventDate "1999.09.26"]
[EventType "team"]
[EventRounds "11"]
[EventCountry "HUN"]
[SourceTitle "EXT 2002"]
[Source "ChessBase"]
[SourceDate "2001.11.25"]
[SourceVersion "1"]
[SourceVersionDate "2001.11.25"]
[SourceQuality "1"]

1. d4 Nf6 2. c4 c5 3. Nf3 cxd4 4. Nxd4 a6 5. Nc3 e6 6. g3 Qc7 7. e3 Be7 8. Bd2 0-0 9. b3 b6 10. Bg2 Bb7 11. 0-0 Bxg2 12. Kxg2 Nc6 13. Rc1 Ne5 14. h3 Qb7+ 15. Kg1 Rfd8 16. Rc2 Bc5 17. f4 Nc6 18. Nxc6 Qxc6 19. Qf3 Qxf3 20. Rxf3 d5 21. cxd5 Nxd5 22. Nxd5 Rxd5 23. Kf1 Rad8 24. Ke2 Kf8 25. Bc3 f6 1/2-1/2

[Event "Nyiregyhaza op"]
[Site "Nyiregyhaza"]
[Date "1999.07.18"]
[Round "9"]
[White "Lehoczki, Viktor"]
[Black "Radics, Laszlo"]
[Result "1-0"]
[WhiteElo "2192"]
[BlackElo "2094"]
[PlyCount "65"]
[EventDate "1999.07.??"]
[EventType "swiss"]
[EventRounds "9"]
[EventCountry "HUN"]
[SourceTitle "EXT 2004"]
[Source "ChessBase"]
[SourceDate "2003.11.25"]
[SourceVersion "1"]
[SourceVersionDate "2003.11.25"]
[SourceQuality "1"]

1. d4 f5 2. c4 Nf6 3. g3 g6 4. Bg2 Bg7 5. Nh3 d6 6. d5 0-0 7. 0-0 Nbd7 8. Nc3 Ne5 9. b3 c5 10. Bb2 Rb8 11. Nf4 g5 12. Nd3 Ng6 13. Qd2 b6 14. f4 gxf4 15. Nxf4 Qe8 16. e3 Ne5 17. Nb5 a6 18. Nc7 Qf7 19. Nfe6 Bxe6 20. Nxe6 Qg6 21. Nxf8 Rxf8 22. Bxe5 dxe5 23. e4 f4 24. gxf4 Nxe4 25. Qc2 Rxf4 26. Rfe1 h5 27. Rxe4 h4 28. h3 Qg3 29. Rxf4 exf4 30. Rf1 Bd4+ 31. Kh1 Be3 32. Qf5 f3 33. Qxf3 1-0

[Event "Nyiregyhaza op"]
[Site "Nyiregyhaza"]
[Date "1998.??.??"]
[Round "9"]
[White "Kovacs, Arpad"]
[Black "Lehoczki, Viktor"]
[Result "0-1"]
[WhiteElo "2120"]
[BlackElo "2180"]
[PlyCount "124"]
[EventDate "1998.07.??"]
[EventType "swiss"]
[EventRounds "9"]
[EventCountry "HUN"]
[SourceTitle "EXT 2002"]
[Source "ChessBase"]
[SourceDate "2001.11.25"]
[SourceVersion "1"]
[SourceVersionDate "2001.11.25"]
[SourceQuality "1"]

1. d4 Nf6 2. c4 c5 3. d5 b5 4. cxb5 a6 5. bxa6 g6 6. Nc3 Bxa6 7. e4 Bxf1 8. Kxf1 d6 9. Nge2 Bg7 10. g3 0-0 11. Kg2 Qa5 12. Qc2 Na6 13. f3 Rfb8 14. b3 Nb4 15. Qd2 Qa6 16. Bb2 Nd3 17. Rhd1 Nxb2 18. Qxb2 Ne8 19. Rab1 Nc7 20. a4 Rb6 21. Qc2 Rab8 22. Na2 R8b7 23. g4 Qa7 24. h4 Qb8 25. Nac1 Rb4 26. h5 Rxa4 27. Nd3 Raa7 28. Nc3 Nb5 29. Nxb5 Rxb5 30. hxg6 hxg6 31. g5 Ra3 32. b4 cxb4 33. Rb3 Rxb3 34. Qxb3 Bc3 35. Rb1 Rb7 36. Kg3 Qa7 37. Qc4 Qb8 38. Kg4 Rc7 39. Qb3 Qc8+ 40. Kg3 Rb7 41. Rc1 Qa8 42. Qc4 Rb8 43. Qb3 Qa7 44. Kg4 Qd4 45. Qc2 Kg7 46. Rb1 Rh8 47. Rd1 Qb6 48. Rc1 Qd4 49. Rd1 Qc4 50. Rc1 Qc8+ 51. Kf4 Rh4+ 52. Ke3 Qb7 53. Nxb4 Bxb4 54. Qb2+ Kh7 55. Kd3 Qa6+ 56. Rc4 Bc5 57. Qb3 Rh3 58. Qd1 Rh2 59. Qc1 Qa2 60. Qd1 Qb2 61. Rc3 Qf2 62. Rb3 Qd4# 0-1

[Event "HUN-chT 9899"]
[Site "Hungary"]
[Date "1998.??.??"]
[Round "?"]
[White "Lehoczki, Viktor"]
[Black "Monda, Laszlo"]
[Result "1-0"]
[WhiteElo "2180"]
[BlackElo "2160"]
[PlyCount "59"]
[EventDate "1998.??.??"]
[EventType "team"]
[EventRounds "12"]
[EventCountry "HUN"]
[SourceTitle "EXT 2000"]
[Source "ChessBase"]
[SourceDate "1999.11.16"]
[SourceVersion "1"]
[SourceVersionDate "1999.11.16"]
[SourceQuality "1"]

1. d4 d5 2. c4 c6 3. Nf3 Nf6 4. Nc3 Bg4 5. Ne5 Bh5 6. h3 e6 7. g4 Bg6 8. h4 Ne4 9. h5 Nxc3 10. bxc3 Be4 11. f3 f6 12. fxe4 fxe5 13. cxd5 Bd6 14. Qb3 exd5 15. exd5 exd4 16. cxd4 cxd5 17. Bg2 Nc6 18. Bxd5 Bb4+ 19. Kd1 Qd6 20. Bg5 Ne7 21. Bxe7 Kxe7 22. Rh3 Rad8 23. Re3+ Kf8 24. Rf3+ Ke8 25. Bc6+ Rd7 26. Qf7+ Kd8 27. Qxd7+ Qxd7 28. Bxd7 Kxd7 29. Rb1 a5 30. a3 1-0

[Event "Nyiregyhaza op"]
[Site "Nyiregyhaza"]
[Date "1998.??.??"]
[Round "8"]
[White "Lehoczki, Viktor"]
[Black "Szurovszky, Elek"]
[Result "1-0"]
[WhiteElo "2180"]
[BlackElo "2195"]
[PlyCount "79"]
[EventDate "1998.07.??"]
[EventType "swiss"]
[EventRounds "9"]
[EventCountry "HUN"]
[SourceTitle "EXT 2002"]
[Source "ChessBase"]
[SourceDate "2001.11.25"]
[SourceVersion "1"]
[SourceVersionDate "2001.11.25"]
[SourceQuality "1"]

1. c4 Nf6 2. Nf3 b6 3. g3 Bb7 4. Bg2 e6 5. d4 Be7 6. 0-0 0-0 7. Nc3 Ne4 8. Nxe4 Bxe4 9. Ne1 Bxg2 10. Nxg2 d5 11. Qa4 c5 12. Be3 cxd4 13. Bxd4 dxc4 14. Qxc4 b5 15. Qc3 b4 16. Qf3 Na6 17. Rfd1 Qa5 18. Ne3 Bc5 19. Nc4 Qb5 20. b3 Rad8 21. Bb2 f6 22. Rd3 Rxd3 23. Qxd3 Be7 24. Rd1 Nc5 25. Qe3 e5 26. Qf3 a5 27. Qd5+ Kh8 28. Bc1 h6 29. Qf3 Ne6 30. Rd5 Qc6 31. Rxa5 e4 32. Qh5 Bc5 33. Be3 Bxe3 34. Nxe3 Qc1+ 35. Kg2 Nd4 36. Nf5 g6 37. Qxg6 Nxf5 38. Rxf5 Rg8 39. Qxf6+ Kh7 40. Re5 1-0

[Event "HUN-chT 9899"]
[Site "Hungary"]
[Date "1998.??.??"]
[Round "?"]
[White "Papp, Gabor"]
[Black "Lehoczki, Viktor"]
[Result "1-0"]
[WhiteElo "2190"]
[BlackElo "2180"]
[PlyCount "87"]
[EventDate "1998.??.??"]
[EventType "team"]
[EventRounds "12"]
[EventCountry "HUN"]
[SourceTitle "EXT 2000"]
[Source "ChessBase"]
[SourceDate "1999.11.16"]
[SourceVersion "1"]
[SourceVersionDate "1999.11.16"]
[SourceQuality "1"]

1. e4 c5 2. Nf3 e6 3. d4 cxd4 4. Nxd4 a6 5. Nc3 Qc7 6. Bd3 Nc6 7. Nxc6 dxc6 8. 0-0 e5 9. f4 Nf6 10. f5 Be7 11. Kh1 b5 12. Qf3 Bb7 13. a4 h6 14. b3 Bc5 15. Ne2 Qe7 16. Qg3 Kf8 17. Bb2 Re8 18. Qf3 Kg8 19. axb5 cxb5 20. c4 b4 21. Bc2 Kh7 22. g4 Rd8 23. Bc1 Bc6 24. Ng3 Qb7 25. h4 Kg8 26. Kg2 Rd4 27. Re1 Rd6 28. g5 hxg5 29. hxg5 Nd7 30. Be3 Bd4 31. Bxd4 Rxd4 32. Rad1 Qb6 33. Rxd4 Qxd4 34. g6 Rh4 35. Rd1 Qb2 36. Rd2 Qc1 37. Qe2 Nf6 38. c5 Be8 39. c6 Ng4 40. gxf7+ Bxf7 41. Nf1 Qa1 42. Qd3 Qe1 43. Re2 Ne3+ 44. Rxe3 1-0

[Event "HUN-ch U16"]
[Site "Paks"]
[Date "1997.??.??"]
[Round "2"]
[White "Bokros, Albert"]
[Black "Lehoczki, Viktor"]
[Result "1-0"]
[WhiteElo "2260"]
[BlackElo "2030"]
[PlyCount "79"]
[EventDate "1997.??.??"]
[EventType "tourn"]
[EventRounds "9"]
[EventCountry "HUN"]
[SourceTitle "EXT 2004"]
[Source "ChessBase"]
[SourceDate "2003.11.25"]
[SourceVersion "1"]
[SourceVersionDate "2003.11.25"]
[SourceQuality "1"]

1. e4 c5 2. Nf3 e6 3. d4 cxd4 4. Nxd4 a6 5. Nc3 Qc7 6. g3 Bb4 7. Nde2 Nf6 8. Bg2 Be7 9. 0-0 Nc6 10. h3 0-0 11. f4 b5 12. Be3 Bb7 13. g4 d5 14. exd5 Rfd8 15. g5 Nxd5 16. Nxd5 exd5 17. Nd4 Rac8 18. c3 b4 19. Rc1 Qa5 20. Nb3 Qb5 21. Re1 Na5 22. Nd4 Qd7 23. Bf2 Bd6 24. Qf3 Nc4 25. h4 Qc7 26. Bh3 Ra8 27. cxb4 Qb8 28. f5 Bxb4 29. Re2 Re8 30. Rxe8+ Qxe8 31. Rxc4 dxc4 32. Qxb7 Be1 33. Nc6 Bxf2+ 34. Kxf2 Kh8 35. f6 Qf8 36. Qe7 gxf6 37. gxf6 Qh6 38. Kg3 Qc1 39. Nd8 Qg1+ 40. Bg2 1-0

[Event "Eger Agria op"]
[Site "Eger"]
[Date "1997.??.??"]
[Round "4"]
[White "Bujdoso, Bela"]
[Black "Lehoczki, Viktor"]
[Result "1-0"]
[WhiteElo "2115"]
[BlackElo "2030"]
[PlyCount "67"]
[EventDate "1997.07.??"]
[EventType "swiss"]
[EventRounds "9"]
[EventCountry "HUN"]
[SourceTitle "EXT 2001"]
[Source "ChessBase"]
[SourceDate "2000.11.22"]
[SourceVersion "1"]
[SourceVersionDate "2000.11.22"]
[SourceQuality "1"]

1. e4 c5 2. c3 Nf6 3. e5 Nd5 4. d4 cxd4 5. cxd4 e6 6. Nc3 Nxc3 7. bxc3 Qc7 8. Bd2 b6 9. f4 Bb7 10. Qg4 g6 11. Bd3 Nc6 12. Nf3 Be7 13. 0-0 Na5 14. Ng5 Nc4 15. Qe2 Bd5 16. Ne4 Nxd2 17. Qxd2 Bxe4 18. Bxe4 Rc8 19. Rf3 d5 20. Bc2 Kf8 21. f5 exf5 22. Qh6+ Kg8 23. Bxf5 Bf8 24. Qg5 Qd8 25. Qg4 Rc7 26. Raf1 Kg7 27. Bc2 Qe8 28. Rf6 Ba3 29. Qf4 Rf8 30. Rf3 h5 31. Rg3 Be7 32. Rf5 Bb4 33. Rxh5 Rh8 34. Qf6+ 1-0

[Event "Heves Rainbow op"]
[Site "Heves"]
[Date "1997.??.??"]
[Round "1"]
[White "Foldi, Istvan"]
[Black "Lehoczki, Viktor"]
[Result "1-0"]
[WhiteElo "2365"]
[BlackElo "2030"]
[PlyCount "115"]
[EventDate "1997.??.??"]
[EventType "swiss"]
[EventRounds "7"]
[EventCountry "HUN"]
[SourceTitle "EXT 2004"]
[Source "ChessBase"]
[SourceDate "2003.11.25"]
[SourceVersion "1"]
[SourceVersionDate "2003.11.25"]
[SourceQuality "1"]

1. d4 Nf6 2. c4 c5 3. Nf3 g6 4. Nc3 cxd4 5. Nxd4 Bg7 6. e4 d6 7. Be2 0-0 8. 0-0 Nbd7 9. Be3 Re8 10. Rc1 b6 11. b4 Bb7 12. f3 Rc8 13. Qb3 Qc7 14. Rfd1 Qb8 15. Bf1 Ne5 16. Nd5 Nc6 17. Nb5 Nd7 18. Rc2 Ba8 19. Rcd2 a6 20. Nbc3 a5 21. a3 h6 22. Na4 axb4 23. axb4 Nce5 24. Ndxb6 Nxb6 25. Nxb6 Rc7 26. c5 dxc5 27. bxc5 Bc6 28. Bb5 e6 29. Bxc6 Rxc6 30. Qa4 Rc7 31. Nd7 Nxd7 32. Rxd7 Rxd7 33. Qxd7 Rc8 34. c6 Be5 35. h3 Rc7 36. Qd8+ Qxd8 37. Rxd8+ Kg7 38. f4 Bc3 39. Rd3 Ba5 40. Ra3 Bb4 41. Ra4 Bc3 42. Rc4 Ba5 43. Bc5 Rc8 44. Bd6 f6 45. Kf2 Kf7 46. e5 f5 47. Ke2 Ke8 48. g4 h5 49. gxh5 gxh5 50. Kd3 Bb6 51. Kc3 Ra8 52. Kb4 Kd8 53. Rc2 Kc8 54. Rg2 Ra1 55. Rg8+ Bd8 56. c7 Rb1+ 57. Ka3 Ra1+ 58. Kb2 1-0

[Event "HUN-ch U16"]
[Site "Paks"]
[Date "1997.??.??"]
[Round "6"]
[White "Horvath, Adam"]
[Black "Lehoczki, Viktor"]
[Result "1-0"]
[WhiteElo "2275"]
[BlackElo "2030"]
[PlyCount "116"]
[EventDate "1997.??.??"]
[EventType "tourn"]
[EventRounds "9"]
[EventCountry "HUN"]
[SourceTitle "EXT 2004"]
[Source "ChessBase"]
[SourceDate "2003.11.25"]
[SourceVersion "1"]
[SourceVersionDate "2003.11.25"]
[SourceQuality "1"]

1. e4 c5 2. Nf3 e6 3. d4 cxd4 4. Nxd4 a6 5. Nc3 Qc7 6. Be2 b5 7. 0-0 Nf6 8. Bf3 Nc6 9. Bg5 Bb7 10. Nxc6 Bxc6 11. Nd5 Bxd5 12. exd5 Rc8 13. c3 Be7 14. Qd4 0-0 15. Rfd1 exd5 16. Bxd5 Nxd5 17. Qxd5 Bxg5 18. Qxg5 Rfe8 19. Qg4 Re6 20. a4 Rce8 21. axb5 axb5 22. Qf3 Qc6 23. Qd3 Re2 24. b4 g6 25. h3 R2e4 26. Rac1 Rc8 27. Qg3 Rc4 28. Qe5 Rxc3 29. Rxc3 Qxc3 30. Qxb5 Qc6 31. Qe5 Qb6 32. Rd4 Rc1+ 33. Kh2 Qc7 34. f4 Qxe5 35. fxe5 Rb1 36. Kg3 Kf8 37. Kf4 Ke7 38. Ke4 f6 39. exf6+ Kxf6 40. Kd5 Ke7 41. Rc4 Kd8 42. Kc5 Rb3 43. Kb6 h5 44. b5 Rg3 45. Rc2 d5 46. Kb7 Rb3 47. Rc5 d4 48. Rd5+ Ke7 49. Kb6 d3 50. Kc5 Rb2 51. Rxd3 Rxg2 52. b6 Rb2 53. h4 Rc2+ 54. Kb5 Rb2+ 55. Ka5 Kf6 56. Rf3+ Ke5 57. Ka6 Ra2+ 58. Kb5 Rb2+ 1-0

[Event "HUN-chT 9697"]
[Site "Hungary"]
[Date "1997.??.??"]
[Round "12"]
[White "Lehoczki, Viktor"]
[Black "Papp, Nandor"]
[Result "0-1"]
[WhiteElo "2090"]
[BlackElo "2115"]
[PlyCount "160"]
[EventDate "1996.??.??"]
[EventType "team"]
[EventRounds "12"]
[EventCountry "HUN"]
[SourceTitle "EXT 2006"]
[Source "ChessBase"]
[SourceDate "2005.11.24"]
[SourceVersion "1"]
[SourceVersionDate "2005.11.24"]
[SourceQuality "1"]
[WhiteTeam "DUTEP"]
[BlackTeam "Nagykanizsa"]
[WhiteTeamCountry "HUN"]
[BlackTeamCountry "HUN"]

1. c4 Nf6 2. Nf3 e6 3. d4 b6 4. g3 Bb7 5. Bg2 Be7 6. 0-0 0-0 7. Nc3 d5 8. Qa4 c6 9. cxd5 cxd5 10. Bg5 h6 11. Bf4 a6 12. Rac1 Nc6 13. Ne5 Nxe5 14. Bxe5 Nd7 15. Bf4 g5 16. Bd2 f5 17. Qb3 Kg7 18. Na4 b5 19. Nc5 Nxc5 20. dxc5 Bc6 21. Bc3+ Bf6 22. Bxf6+ Qxf6 23. e3 a5 24. a3 Rfb8 25. Qc2 b4 26. Rb1 Ra7 27. Rfc1 Rc7 28. Qd2 Rcb7 29. Qc2 Qe7 30. Bf1 bxa3 31. Qc3+ Qf6 32. Qxa3 Rxb2 33. Qd3 R8b3 34. Qd1 a4 35. Rxb2 Qxb2 36. Rc2 Qf6 37. Ra2 Kg6 38. Qd2 Qc3 39. Qd1 Qxc5 40. Qa1 Qc3 41. Rxa4 Bxa4 42. Qxa4 Rb8 43. Qd7 Qf6 44. Be2 g4 45. Qd6 Rd8 46. Qb6 e5 47. Qc7 Qd6 48. Qa7 d4 49. exd4 Qxd4 50. Qa6+ Qd6 51. Qa4 h5 52. h3 Rc8 53. hxg4 hxg4 54. Qa2 Kg5 55. Qf7 Qf6 56. Qh7 Rh8 57. Qd7 Kg6 58. Bc4 Rd8 59. Qb7 Rd4 60. Qc8 Qg7 61. Qe6+ Kg5 62. Bb3 Re4 63. Bc4 Re1+ 64. Bf1 f4 65. gxf4+ Kxf4 66. Qd6 Kf5 67. Qd3+ e4 68. Qd5+ Qe5 69. Qf7+ Kg5 70. Qg8+ Kh6 71. Qf8+ Qg7 72. Qf4+ Kh5 73. Qf5+ Kh4 74. Qd5 Qf6 75. Qb3 Qa1 76. Qg3+ Kg5 77. Qg2 Kf5 78. f3 Rxf1+ 79. Qxf1 Qxf1+ 80. Kxf1 gxf3 0-1

[Event "HUN-chT 9697"]
[Site "Hungary"]
[Date "1997.??.??"]
[Round "14"]
[White "Lehoczki, Viktor"]
[Black "Rigo, Janos"]
[Result "0-1"]
[WhiteElo "2090"]
[BlackElo "2300"]
[PlyCount "56"]
[EventDate "1996.??.??"]
[EventType "team"]
[EventRounds "12"]
[EventCountry "HUN"]
[SourceTitle "EXT 2006"]
[Source "ChessBase"]
[SourceDate "2005.11.24"]
[SourceVersion "1"]
[SourceVersionDate "2005.11.24"]
[SourceQuality "1"]
[WhiteTeam "DUTEP"]
[BlackTeam "Honved"]
[WhiteTeamCountry "HUN"]
[BlackTeamCountry "HUN"]

1. d4 e6 2. c4 Nf6 3. Nf3 b6 4. g3 Ba6 5. Qb3 Nc6 6. Bg2 Rb8 7. Qa4 Qc8 8. 0-0 b5 9. cxb5 Bxb5 10. Qd1 Bb4 11. Nc3 Bxc3 12. bxc3 Qa6 13. Re1 Ne4 14. Qc2 d5 15. Bf4 Qa5 16. Bd2 Bc4 17. e3 Qa3 18. Reb1 0-0 19. Be1 Rxb1 20. Rxb1 Qxa2 21. Rb2 Qa1 22. Rb1 Qa6 23. Qb2 h6 24. Qb7 Qa2 25. Rc1 Na5 26. Qxa7 Qb2 27. Rd1 Nb3 28. Ne5 Be2 0-1

[Event "HUN-ch U16"]
[Site "Paks"]
[Date "1997.??.??"]
[Round "9"]
[White "Lehoczki, Viktor"]
[Black "Tancsa, Robert"]
[Result "1-0"]
[WhiteElo "2030"]
[BlackElo "2130"]
[PlyCount "69"]
[EventDate "1997.??.??"]
[EventType "tourn"]
[EventRounds "9"]
[EventCountry "HUN"]
[SourceTitle "EXT 2004"]
[Source "ChessBase"]
[SourceDate "2003.11.25"]
[SourceVersion "1"]
[SourceVersionDate "2003.11.25"]
[SourceQuality "1"]

1. d4 Nf6 2. c4 g6 3. Nc3 Bg7 4. e4 d6 5. h3 0-0 6. Nf3 Na6 7. Be3 e5 8. d5 Qe8 9. Be2 Nh5 10. Nh2 Nf4 11. Bf3 f5 12. 0-0 Bd7 13. Rb1 h5 14. b4 g5 15. exf5 Bxf5 16. Be4 Qg6 17. Qc2 g4 18. hxg4 hxg4 19. g3 Nh5 20. c5 Rf7 21. a3 Raf8 22. Rbc1 Kh8 23. Kg2 Bh6 24. Bxf5 Rxf5 25. Bxh6 Qxh6 26. Nxg4 Qg5 27. f3 dxc5 28. b5 Nb8 29. Ne4 Qg7 30. Qxc5 Qf7 31. Rc3 b6 32. Qc4 Qd7 33. a4 Ng7 34. Rh1+ Rh5 35. Nef6 1-0

[Event "Heves Rainbow op"]
[Site "Heves"]
[Date "1997.??.??"]
[Round "5"]
[White "Mashinskaya, Iulia"]
[Black "Lehoczki, Viktor"]
[Result "1-0"]
[WhiteElo "2240"]
[BlackElo "2030"]
[PlyCount "53"]
[EventDate "1997.??.??"]
[EventType "swiss"]
[EventRounds "7"]
[EventCountry "HUN"]
[SourceTitle "EXT 2004"]
[Source "ChessBase"]
[SourceDate "2003.11.25"]
[SourceVersion "1"]
[SourceVersionDate "2003.11.25"]
[SourceQuality "1"]

1. e4 c5 2. Nf3 e6 3. d3 d6 4. g3 Nf6 5. Bg2 Be7 6. 0-0 Nc6 7. Re1 Qc7 8. c3 0-0 9. Na3 b6 10. e5 Nd7 11. Nb5 Qb8 12. exd6 Bxd6 13. d4 cxd4 14. Nfxd4 Nxd4 15. Qxd4 Bc5 16. Qe4 Ba6 17. Qxa8 Qxa8 18. Bxa8 Bxb5 19. Bg2 Nf6 20. Be3 Be7 21. a4 Bc4 22. a5 Nd5 23. Bd4 h6 24. axb6 axb6 25. Ra4 b5 26. Rxc4 bxc4 27. Bxd5 1-0

[Event "Tatry op"]
[Site "Tatranska Lomnica"]
[Date "1997.??.??"]
[Round "8"]
[White "Odler, Daniel"]
[Black "Lehoczki, Viktor"]
[Result "1/2-1/2"]
[WhiteElo "2190"]
[BlackElo "2065"]
[PlyCount "28"]
[EventDate "1997.10.18"]
[EventType "swiss"]
[EventRounds "9"]
[EventCountry "SVK"]
[SourceTitle "EXT 1999"]
[Source "ChessBase"]
[SourceDate "1998.11.16"]
[SourceVersion "1"]
[SourceVersionDate "1998.11.16"]
[SourceQuality "1"]

1. e4 e6 2. d4 d5 3. exd5 exd5 4. Bd3 Bd6 5. Nf3 Ne7 6. 0-0 Bg4 7. h3 Bh5 8. Re1 Nbc6 9. c3 Qd7 10. b4 0-0-0 11. b5 Nb8 12. Ba3 g5 13. Bxd6 Qxd6 14. g4 Bg6 1/2-1/2

[Event "Eger Agria op"]
[Site "Eger"]
[Date "1997.??.??"]
[Round "6"]
[White "Van Steenis, Joost"]
[Black "Lehoczki, Viktor"]
[Result "1/2-1/2"]
[WhiteElo "2180"]
[BlackElo "2030"]
[PlyCount "64"]
[EventDate "1997.07.??"]
[EventType "swiss"]
[EventRounds "9"]
[EventCountry "HUN"]
[SourceTitle "EXT 2001"]
[Source "ChessBase"]
[SourceDate "2000.11.22"]
[SourceVersion "1"]
[SourceVersionDate "2000.11.22"]
[SourceQuality "1"]

1. c4 c5 2. Nf3 b6 3. g3 Bb7 4. Bg2 Nf6 5. 0-0 g6 6. d3 Bg7 7. Nc3 0-0 8. Rb1 d5 9. cxd5 Nxd5 10. Nxd5 Qxd5 11. Qa4 Nc6 12. Ng5 Qd7 13. Qh4 h6 14. Ne4 Nd4 15. Re1 Nxe2+ 16. Rxe2 Qxd3 17. Re1 Qxb1 18. Nd2 Qxa2 19. Bxb7 Rad8 20. Nf3 e6 21. Be4 Qb3 22. Kg2 Qb4 23. Bxh6 Bxh6 24. Qxh6 Qxb2 25. Bxg6 Qg7 26. Qxg7+ Kxg7 27. Bc2 b5 28. Re4 a5 29. Rg4+ Kf6 30. Rf4+ Kg7 31. Rg4+ Kf6 32. Rf4+ Kg7 1/2-1/2